Statistics for Bluey trivia

Click here to take the quiz!

General Stats

  • This quiz has been taken 404 times
  • The average score is 7 of 15

Answer Stats

HintAnswer% Correct
How old is Bingo4
99%
What language does Bluey's friend Jean Luc speakFrench
87%
What does Bluey have a dream about beingA fruitbat
78%
What sport does Chili playHockey
55%
What puppet does Bingo get to take homeBob Bilby
47%
What's the name of the girls' invisible friendTina
45%
What is ShaunAn emu
44%
Which Australian city is Bluey based inBrisbane
44%
What's Bingo's teddy calledFloppy
42%
Where does Uncle Rad work atAn oil rig
39%
What job does Chili work atAirport security
38%
Why is Frisky's (and Rad's) hair so prettyAlmond milk shampoo
31%
In Obstacle Course, what does Bandit refer to himself asA mongoose
30%
What name does Bandit use in Fancy RestarauntRomeo Mcflourish
25%
What did Lucky's dad grow on his farm as a kidSorghum
5%

Score Distribution

Percentile by Number Answered

Percent of People with Each Score

Your Score History

You have not taken this quiz